| 000 | 02002cam a2200313 i 4500 | ||
|---|---|---|---|
| 005 | 20250329170351.0 | ||
| 007 | ta | ||
| 008 | 170504s2016 ck gr 000 0dspa | ||
| 015 | _ack-2016-xxxx | ||
| 020 | _a978-958-8736-82-2 | ||
| 040 |
_aCO-CtgCURN _cspa _ccoctgcurn _beng _erda |
||
| 082 | 0 | 4 |
_a541.395 _bB238 _223 |
| 100 | 1 |
_aBarbosa, Aida Liliana, _eauthor. _4aut |
|
| 245 | 1 | 0 |
_aVeinte años del desarrollo de la catálisis en Colombia / _cAida Liliana Barbosa, Édgar Páez Mozo. |
| 250 | _aPrimera edición. | ||
| 260 | 1 |
_aCartagena : : _bUniversidad de Cartagena,, _c2016. |
|
| 300 |
_a161 páginas ; _c23 cm. |
||
| 336 |
_atext _btxt _2rdacontent |
||
| 337 |
_aunmediated _bn _2rdamedia |
||
| 338 |
_avolume _bnc _2rdacarrier |
||
| 500 | _aIncluye datos biográficos de los autores. | ||
| 504 | _aIncluye referencias bibliográficas al final de algunos capítulos. | ||
| 520 | 8 | _a"Como resultado de las actividades realizadas en los últimos simposios colombianos de catálisis SICCAT, algunos miembros, directores de grupos de investigación pertenecientes a la Sociedad Colombiana de Catálisis SOCCAT, expresaron su deseo de participar conmigo de la iniciativa de escribir el libro AVANCES DE LA HISTORIA DE CATÁLISIS EN COLOMBIA, donde quedaran reflejados los primeros pasos en el quehacer científico en esta área, el recurso humano con el que se cuenta, las motivaciones y líneas de trabajo, constituyéndose en un primer compendio,donde la contribución de instituciones nacionales y la cooperación con entes internacionales se viera también reflejada. Se quiso también rendir un corto pero sentido homenaje a aquellos pioneros que al terminar este libro ya no están con nosotros, cuyo legado vivirá por siempre." | |
| 650 | 1 | 4 |
_aCatálisis _xHistoria _zColombia. |
| 650 | 2 | 4 |
_aCatálisis heterogénea _xHistoria _zColombia. |
| 700 | 1 | _aPáez Mozo, Édgar. | |
| 942 |
_aCTG _bCTG _2ddc _h541.395 _iB238 |
||
| 999 |
_c6772 _d6772 |
||